[Event "POL-chT U20 1st League"]
[Site "Chotowa"]
[Date "2025.06.19"]
[Round "6.39"]
[White "Owad, Jakub"]
[Black "Goralski, Mateusz"]
[Result "1/2-1/2"]
[WhiteElo "1907"]
[BlackElo "1945"]
[PlyCount "76"]
[EventDate "2025.06.14"]
[EventType "team-swiss"]
[EventRounds "9"]
[EventCountry "POL"]
[SourceTitle "CB26_2025"]
[SourceDate "2025.06.25"]
[SourceVersion "1"]
[SourceVersionDate "2025.06.25"]
[SourceQuality "1"]
[WhiteTeam "Legnica Miedz"]
[BlackTeam "Kalisz"]
[WhiteTeamCountry "POL"]
[BlackTeamCountry "POL"]

1. d4 Nf6 2. Bf4 g6 3. Nf3 Bg7 4. e3 0-0 5. h3 d6 6. Be2 Nbd7 7. c4 Qe8 8. 0-0 e5 9. Bh2 Qe7 10. Nc3 a6 11. Qc2 b6 12. Nd5 Nxd5 13. cxd5 Ra7 14. dxe5 Nxe5 15. Rac1 Nxf3+ 16. Bxf3 Qf6 17. Qc3 Qxc3 18. bxc3 a5 19. Be2 Bd7 20. c4 a4 21. Bd3 a3 22. Rfe1 Bb2 23. Rc2 Ba4 24. Rce2 Rfa8 25. Bb1 Ra5 26. e4 Rc5 27. Bd3 b5 28. cxb5 Bxb5 29. Bxb5 Rxb5 30. Rb1 Rab8 31. g4 f6 32. Re3 Ra8 33. Rc3 Ra7 34. Rf3 Rc5 35. Bf4 Rc2 36. Bh6 Ra8 37. Kg2 Re2 38. Re3 Rc2 1/2-1/2

[Event "POL-chT U20 1st League"]
[Site "Chotowa"]
[Date "2025.06.17"]
[Round "4.39"]
[White "Sieniawski, Karol"]
[Black "Goralski, Mateusz"]
[Result "0-1"]
[WhiteElo "1467"]
[BlackElo "1945"]
[PlyCount "102"]
[EventDate "2025.06.14"]
[EventType "team-swiss"]
[EventRounds "9"]
[EventCountry "POL"]
[SourceTitle "CB26_2025"]
[SourceDate "2025.06.25"]
[SourceVersion "1"]
[SourceVersionDate "2025.06.25"]
[SourceQuality "1"]
[WhiteTeam "Rybnik MKSz"]
[BlackTeam "Kalisz"]
[WhiteTeamCountry "POL"]
[BlackTeamCountry "POL"]

1. e4 c5 2. c3 Nf6 3. e5 Nd5 4. d4 cxd4 5. cxd4 d6 6. Nf3 Nc6 7. Bc4 dxe5 8. Bxd5 Qxd5 9. Nc3 Qd6 10. d5 Nd8 11. 0-0 g6 12. Ne4 Qb4 13. Re1 Bg4 14. d6 Nc6 15. Bg5 Rd8 16. Bf6 Rg8 17. a3 Qb6 18. Rc1 Bg7 19. Bg5 Bf5 20. Qe2 Bxe4 21. Qxe4 Rxd6 22. Qh4 h5 23. Be3 Qd8 24. Bc5 Rd5 25. b4 Bf6 26. Qe4 a6 27. a4 Kf8 28. b5 axb5 29. axb5 Nd4 30. Bb6 Nxf3+ 31. Qxf3 Qd7 32. Bc5 Kg7 33. b6 Rd8 34. Be3 Qb5 35. h3 Qb4 36. Rb1 Qa4 37. Rec1 e4 38. Qe2 Be5 39. g3 Rd3 40. Bc5 Rd2 41. Qe1 f5 42. Bxe7 R8d3 43. Bg5 Ra2 44. Be3 h4 45. Rc5 Bd6 46. Rc8 hxg3 47. fxg3 Be5 48. Qc1 Rxe3 49. Qc5 Rxg3+ 50. Kf1 Rf3+ 51. Ke1 Bg3+ 0-1

[Event "POL-chT U20 1st League"]
[Site "Chotowa"]
[Date "2025.06.16"]
[Round "3.45"]
[White "Goralski, Mateusz"]
[Black "Czeremcha, Piotr"]
[Result "1/2-1/2"]
[WhiteElo "1945"]
[BlackElo "1888"]
[PlyCount "61"]
[EventDate "2025.06.14"]
[EventType "team-swiss"]
[EventRounds "9"]
[EventCountry "POL"]
[SourceTitle "CB26_2025"]
[SourceDate "2025.06.25"]
[SourceVersion "1"]
[SourceVersionDate "2025.06.25"]
[SourceQuality "1"]
[WhiteTeam "Kalisz"]
[BlackTeam "Katowice Palac Mlodziezy"]
[WhiteTeamCountry "POL"]
[BlackTeamCountry "POL"]

1. e4 c6 2. c4 d5 3. exd5 cxd5 4. cxd5 Qxd5 5. Nc3 Qd8 6. d4 Nf6 7. h3 e6 8. Nf3 Nc6 9. Bc4 Be7 10. 0-0 0-0 11. Be3 Na5 12. Be2 b6 13. a3 Bb7 14. Ne5 Nd5 15. Rc1 Nxc3 16. Rxc3 Rc8 17. Qc2 Rxc3 18. Qxc3 Qa8 19. b4 Rc8 20. Qb2 Nc6 21. Nxc6 Bxc6 22. Rc1 Bd5 23. f3 Bf6 24. Ba6 Rxc1+ 25. Qxc1 Qc6 26. Qxc6 Bxc6 27. Bc4 b5 28. Bd3 a6 29. Be4 Bd5 30. Bxd5 exd5 31. Kf2 1/2-1/2